[Event "Warsaw Najdorf Memorial op-A"]
[Site "Warsaw"]
[Date "2021.07.10"]
[Round "1"]
[White "Worobiej, Daniel"]
[Black "Baum, Jonasz"]
[Result "1/2-1/2"]
[WhiteElo "1914"]
[BlackElo "2260"]
[PlyCount "107"]
[EventDate "2021.07.10"]
[EventType "swiss"]
[EventRounds "9"]
[EventCountry "POL"]
[SourceTitle "EXT 2022"]
[Source "ChessBase"]
[SourceDate "2021.10.06"]
[SourceVersion "1"]
[SourceVersionDate "2021.10.06"]
[SourceQuality "1"]

1. e4 c5 2. Nf3 d6 3. Bb5+ Nd7 4. 0-0 a6 5. Bxd7+ Qxd7 6. d4 cxd4 7. Qxd4 e5 8. Qd3 Qc6 9. c4 Be6 10. b3 b5 11. cxb5 axb5 12. Na3 Nf6 13. Nxb5 Nxe4 14. Be3 f6 15. Rfd1 Bd7 16. a4 Nc5 17. Bxc5 dxc5 18. Nd6+ Bxd6 19. Qxd6 Qxd6 20. Rxd6 Ke7 21. Rb6 Rhb8 22. Rxb8 Rxb8 23. Nd2 Be6 24. f3 Bd5 25. Kf2 Kd6 26. Ke3 Rb4 27. Kd3 Bxb3 28. Nxb3 Rxb3+ 29. Kc2 c4 30. a5 Rb7 31. Kc3 Kc5 32. a6 Ra7 33. Ra2 h5 34. h4 Kb5 35. Rb2+ Kxa6 36. Kxc4 Rd7 37. Kc5 Rd4 38. Rb6+ Ka7 39. Re6 Rd7 40. Kc6 Rb7 41. Kd5 Rb5+ 42. Ke4 Rb4+ 43. Kf5 Rxh4 44. Kg6 Rh2 45. Kxg7 Rxg2+ 46. Kxf6 Rf2 47. Rxe5 Rxf3+ 48. Kg5 Rh3 49. Re7+ Kb8 50. Rh7 Rg3+ 51. Kh4 Rg1 52. Rxh5 Rh1+ 53. Kg5 Rxh5+ 54. Kxh5 1/2-1/2

[Event "Warsaw Najdorf Memorial op-B 11th"]
[Site "Warsaw"]
[Date "2013.08.12"]
[Round "8"]
[White "Worobiej, Daniel"]
[Black "Lewandrowski, Tomasz"]
[Result "1-0"]
[WhiteElo "1865"]
[BlackElo "1777"]
[PlyCount "111"]
[EventDate "2013.08.05"]
[EventType "swiss"]
[EventRounds "9"]
[EventCountry "POL"]
[SourceTitle "CBM 155 Extra"]
[Source "ChessBase"]
[SourceDate "2013.08.26"]
[SourceVersion "1"]
[SourceVersionDate "2013.08.26"]
[SourceQuality "1"]

1. d4 Nf6 2. c4 g6 3. Nc3 Bg7 4. e4 d6 5. f4 0-0 6. Nf3 Nfd7 7. Be2 c5 8. d5 Na6 9. a3 Nc7 10. 0-0 Qe8 11. Be3 h6 12. Qd2 f5 13. e5 Kh7 14. e6 Nf6 15. h3 a6 16. a4 Rb8 17. a5 b5 18. axb6 Rxb6 19. Bd3 Bb7 20. Ra2 Qb8 21. g4 Nfxd5 22. cxd5 Nxd5 23. Bc4 Nxe3 24. Qxe3 Bxf3 25. Qxf3 Rxb2 26. Rxb2 Qxb2 27. Ne2 a5 28. gxf5 gxf5 29. Bd3 Qa2 30. Kh1 Qxe6 31. Rg1 Kh8 32. Ng3 a4 33. Qg2 Rg8 34. Nxf5 Bf8 35. Qb2+ Qf6 36. Rxg8+ Kxg8 37. Bc4+ Kh7 38. Qxf6 exf6 39. Kg2 Kg6 40. Nh4+ Kg7 41. f5 Be7 42. Ng6 Bd8 43. Kf3 Ba5 44. Kg4 Bd2 45. h4 a3 46. h5 Be3 47. Kf3 Bg1 48. Ke4 Bh2 49. Kd5 Bg3 50. Ke6 Bh2 51. Ne7 Be5 52. Nd5 Bd4 53. Kd7 Bb2 54. Nc7 d5 55. Ne8+ Kh8 56. Bxd5 1-0

[Event "Warsaw Najdorf Memorial op-B 11th"]
[Site "Warsaw"]
[Date "2013.08.07"]
[Round "3"]
[White "Wrabel, Antoni"]
[Black "Worobiej, Daniel"]
[Result "0-1"]
[WhiteElo "1696"]
[BlackElo "1865"]
[PlyCount "102"]
[EventDate "2013.08.05"]
[EventType "swiss"]
[EventRounds "9"]
[EventCountry "POL"]
[SourceTitle "CBM 155 Extra"]
[Source "ChessBase"]
[SourceDate "2013.08.26"]
[SourceVersion "1"]
[SourceVersionDate "2013.08.26"]
[SourceQuality "1"]

1. e4 e5 2. Nf3 Nc6 3. Bb5 a6 4. Ba4 Nf6 5. Qe2 Bc5 6. c3 0-0 7. 0-0 b5 8. Bc2 Re8 9. d3 d5 10. Bg5 d4 11. cxd4 Nxd4 12. Nxd4 Bxd4 13. Nc3 h6 14. Bxf6 Qxf6 15. Nd5 Qd6 16. Bb3 Be6 17. Qc2 c5 18. Ne3 Bxe3 19. fxe3 Rac8 20. Bxe6 Qxe6 21. b3 Rc7 22. Rac1 Rd8 23. Qe2 Qd6 24. Rfd1 Rcd7 25. Qc2 Qb6 26. Qxc5 Qxc5 27. Rxc5 Rxd3 28. Rxd3 Rxd3 29. Rxe5 Rd1+ 30. Kf2 Rd2+ 31. Kf3 Rxa2 32. Re8+ Kh7 33. Rd8 Ra3 34. Rd6 a5 35. Ra6 g6 36. e5 Kg7 37. h4 h5 38. g3 Kf8 39. Ra7 Ke8 40. e6 fxe6 41. Rg7 Rxb3 42. Rxg6 Kf7 43. Rg5 a4 44. Rxh5 a3 45. Rh7+ Kg6 46. Ra7 b4 47. g4 Rb2 48. e4 a2 49. g5 b3 50. Kg4 Rg2+ 51. Kh3 Rg1 0-1

[Event "Mazowiec-chT 1213"]
[Site "Poland"]
[Date "2013.02.24"]
[Round "10.15"]
[White "Worobiej, Daniel"]
[Black "Kopczynski, Michal"]
[Result "0-1"]
[WhiteElo "1880"]
[BlackElo "2220"]
[PlyCount "70"]
[EventDate "2013.01.13"]
[EventType "team-tourn"]
[EventRounds "10"]
[EventCountry "POL"]
[SourceTitle "EXT 2019"]
[Source "ChessBase"]
[SourceDate "2018.10.10"]
[SourceVersion "1"]
[SourceVersionDate "2018.10.10"]
[SourceQuality "1"]

1. b3 e5 2. Bb2 Nc6 3. c4 Nf6 4. e3 Be7 5. a3 0-0 6. d3 d5 7. cxd5 Nxd5 8. Nf3 f6 9. Be2 Be6 10. 0-0 Qe8 11. Qc2 Rd8 12. Nbd2 g5 13. Ne4 g4 14. Nfd2 f5 15. Nc5 Bc8 16. b4 b6 17. Ncb3 Bd6 18. Rac1 Nce7 19. Nc4 Ng6 20. f3 f4 21. e4 Nf6 22. fxg4 Nxg4 23. d4 Nh4 24. dxe5 Be7 25. h3 Nh6 26. Ncd2 Qg6 27. Bc4+ Nf7 28. Nf3 b5 29. Bxb5 Nxf3+ 30. Rxf3 Qb6+ 31. Qf2 Qxb5 32. Rxc7 Bg5 33. h4 Bh6 34. e6 Ne5 35. Rfc3 Rd1+ 0-1

[Event "Mazowiec-chT 1213"]
[Site "Poland"]
[Date "2013.01.20"]
[Round "3.15"]
[White "Worobiej, Daniel"]
[Black "Jarmula, Pawel"]
[Result "1-0"]
[WhiteElo "1880"]
[BlackElo "2196"]
[PlyCount "47"]
[EventDate "2013.01.13"]
[EventType "team-tourn"]
[EventRounds "10"]
[EventCountry "POL"]
[SourceTitle "EXT 2019"]
[Source "ChessBase"]
[SourceDate "2018.10.10"]
[SourceVersion "1"]
[SourceVersionDate "2018.10.10"]
[SourceQuality "1"]

1. d4 Nf6 2. c4 g6 3. Nc3 Bg7 4. e4 d6 5. f4 0-0 6. Nf3 c5 7. d5 e6 8. Be2 exd5 9. cxd5 Re8 10. e5 dxe5 11. fxe5 Ng4 12. e6 fxe6 13. d6 Ne5 14. 0-0 Nxf3+ 15. Bxf3 Bd4+ 16. Kh1 Qxd6 17. Ne4 Qb6 18. Bg4 Nd7 19. Bh6 Bg7 20. Nd6 Rf8 21. Bxe6+ Kh8 22. Bxg7+ Kxg7 23. Rxf8 Nxf8 24. Bxc8 1-0

[Event "POL-chT U19 2nd League"]
[Site "Borowice"]
[Date "2012.07.28"]
[Round "10"]
[White "Worobiej, Daniel"]
[Black "Banach, Szymon"]
[Result "1-0"]
[WhiteElo "1815"]
[BlackElo "1759"]
[PlyCount "43"]
[EventDate "2012.07.21"]
[EventType "team-swiss"]
[EventRounds "11"]
[EventCountry "POL"]
[SourceTitle "EXT 2014"]
[Source "ChessBase"]
[SourceDate "2013.11.20"]
[SourceVersion "1"]
[SourceVersionDate "2013.11.20"]
[SourceQuality "1"]
[WhiteTeam "Otwock UKS MDK U19"]
[BlackTeam "Gniezno LKS Chrobry U19"]
[WhiteTeamCountry "POL"]
[BlackTeamCountry "POL"]

1. e4 c5 2. Nf3 d6 3. d4 cxd4 4. Nxd4 Nf6 5. Nc3 g6 6. Bc4 Bg7 7. f3 Nc6 8. Be3 Bd7 9. Qd2 Rc8 10. Bb3 Ne5 11. Bh6 0-0 12. g4 b5 13. h4 Nc4 14. Bxc4 Rxc4 15. Bxg7 Kxg7 16. h5 Qb6 17. 0-0-0 Rfc8 18. hxg6 b4 19. Qh6+ Kh8 20. Nd5 Rxc2+ 21. Nxc2 Qc5 22. g7+ 1-0

[Event "POL-chT U19 2nd League"]
[Site "Borowice"]
[Date "2012.07.27"]
[Round "9"]
[White "Snihur, Piotr"]
[Black "Worobiej, Daniel"]
[Result "1-0"]
[WhiteElo "2001"]
[BlackElo "1815"]
[PlyCount "57"]
[EventDate "2012.07.21"]
[EventType "team-swiss"]
[EventRounds "11"]
[EventCountry "POL"]
[SourceTitle "EXT 2014"]
[Source "ChessBase"]
[SourceDate "2013.11.20"]
[SourceVersion "1"]
[SourceVersionDate "2013.11.20"]
[SourceQuality "1"]
[WhiteTeam "Konin UKS Smecz U19"]
[BlackTeam "Otwock UKS MDK U19"]
[WhiteTeamCountry "POL"]
[BlackTeamCountry "POL"]

1. e4 e5 2. Nf3 Nc6 3. Bb5 a6 4. Ba4 Nf6 5. Qe2 Be7 6. c3 b5 7. Bb3 Bb7 8. 0-0 d6 9. d4 Nb8 10. Nbd2 Nbd7 11. a4 0-0 12. Rd1 c5 13. Bc2 exd4 14. cxd4 c4 15. e5 dxe5 16. dxe5 Nd5 17. Ne4 Qc7 18. Neg5 h6 19. e6 Bxg5 20. Nxg5 hxg5 21. exd7 Nf4 22. Bxf4 gxf4 23. axb5 axb5 24. Rxa8 Bxa8 25. Qh5 f5 26. Bxf5 Qc6 27. Bh7+ Kh8 28. Bg6+ Kg8 29. Qh7# 1-0

[Event "POL-chT U19 2nd League"]
[Site "Borowice"]
[Date "2012.07.25"]
[Round "6"]
[White "Kroczka, Gromoslaw"]
[Black "Worobiej, Daniel"]
[Result "1/2-1/2"]
[WhiteElo "1530"]
[BlackElo "1815"]
[PlyCount "95"]
[EventDate "2012.07.21"]
[EventType "team-swiss"]
[EventRounds "11"]
[EventCountry "POL"]
[SourceTitle "EXT 2014"]
[Source "ChessBase"]
[SourceDate "2013.11.20"]
[SourceVersion "1"]
[SourceVersionDate "2013.11.20"]
[SourceQuality "1"]
[WhiteTeam "Bydgoszcz Hetman U19"]
[BlackTeam "Otwock UKS MDK U19"]
[WhiteTeamCountry "POL"]
[BlackTeamCountry "POL"]

1. e4 c5 2. Nf3 g6 3. d4 cxd4 4. Nxd4 Bg7 5. Nc3 Nc6 6. Be3 Nf6 7. Bc4 0-0 8. Bb3 Qa5 9. 0-0 d6 10. f3 Bd7 11. Qd2 Nxd4 12. Bxd4 Bc6 13. Rad1 Nd7 14. Rf2 Nc5 15. Nd5 Qd8 16. Bxg7 Kxg7 17. Qd4+ Kg8 18. Rfd2 a6 19. e5 Nxb3 20. axb3 Bxd5 21. Qxd5 Qb6+ 22. Kh1 dxe5 23. Qxe5 e6 24. h3 Rac8 25. Rd6 Qf2 26. R6d2 Qb6 27. Rd6 Qf2 28. R6d2 Qc5 29. Qxc5 Rxc5 30. b4 Rc7 31. c3 Kg7 32. Kg1 Rfc8 33. Kf2 f5 34. f4 Kf6 35. Kf3 g5 36. g3 Rg8 37. Rd7 Rg7 38. Rxc7 Rxc7 39. Rd6 Rg7 40. fxg5+ Rxg5 41. Kf4 Rg7 42. g4 fxg4 43. hxg4 h6 44. Rb6 Rc7 45. Ke4 Rg7 46. Kf4 Rd7 47. Ke4 Rg7 48. Kf4 1/2-1/2

[Event "Warsaw YMCA 98th Autumn-C"]
[Site "Warsaw"]
[Date "2011.11.15"]
[Round "8"]
[White "Worobiej, Daniel"]
[Black "Chomczyk, Marek"]
[Result "0-1"]
[WhiteElo "1800"]
[BlackElo "1727"]
[PlyCount "70"]
[EventDate "2011.09.20"]
[EventType "tourn"]
[EventRounds "13"]
[EventCountry "POL"]
[SourceTitle "EXT 2014"]
[Source "ChessBase"]
[SourceDate "2013.11.20"]
[SourceVersion "1"]
[SourceVersionDate "2013.11.20"]
[SourceQuality "1"]

1. e4 c6 2. d4 d5 3. exd5 cxd5 4. c3 Bf5 5. Bd3 Bxd3 6. Qxd3 e6 7. Nf3 Bd6 8. 0-0 Nf6 9. Bg5 a6 10. Nbd2 0-0 11. Ne5 h6 12. Bh4 Be7 13. f4 Nbd7 14. Nxd7 Nxd7 15. Bxe7 Qxe7 16. f5 e5 17. dxe5 Nxe5 18. Qg3 Nd7 19. Nb3 Nf6 20. Rae1 Qd8 21. Nd4 Qb6 22. Re2 Rae8 23. Rfe1 Re4 24. Qf2 Rfe8 25. Rxe4 dxe4 26. Qc2 Qd6 27. h3 e3 28. Qd3 Qg3 29. Nf3 Qf2+ 30. Kh2 Nh5 31. Qd6 e2 32. f6 gxf6 33. b4 Re3 34. Qd4 Qg3+ 35. Kh1 Rxf3 0-1

[Event "Warsaw YMCA 98th Autumn-C"]
[Site "Warsaw"]
[Date "2011.11.08"]
[Round "7"]
[White "Szukalski, Antoni"]
[Black "Worobiej, Daniel"]
[Result "1-0"]
[WhiteElo "1846"]
[BlackElo "1800"]
[PlyCount "113"]
[EventDate "2011.09.20"]
[EventType "tourn"]
[EventRounds "13"]
[EventCountry "POL"]
[SourceTitle "EXT 2014"]
[Source "ChessBase"]
[SourceDate "2013.11.20"]
[SourceVersion "1"]
[SourceVersionDate "2013.11.20"]
[SourceQuality "1"]

1. d4 Nf6 2. c4 g6 3. Nc3 d5 4. Bf4 Bg7 5. e3 0-0 6. Nf3 c5 7. Be2 Nc6 8. dxc5 Qa5 9. 0-0 dxc4 10. Bxc4 Qxc5 11. Qb3 Na5 12. Qb5 Qxc4 13. Qxa5 b6 14. Qa3 Nh5 15. Bg3 Nxg3 16. hxg3 Bb7 17. Qxe7 Bxf3 18. gxf3 Bxc3 19. bxc3 Qxc3 20. Kg2 b5 21. Rh1 a5 22. Qh4 Qg7 23. a3 Rfc8 24. Rad1 Rab8 25. Rd4 b4 26. axb4 axb4 27. Rxb4 Rxb4 28. Qxb4 h6 29. Qb3 Kh7 30. Rd1 Qf6 31. Rd7 Kg7 32. Qd3 h5 33. Qd4 Qxd4 34. Rxd4 Kf6 35. f4 Ke6 36. Rd2 f6 37. Ra2 Rc7 38. Kf3 Rb7 39. Ra6+ Ke7 40. Ra5 Ke6 41. Kg2 Rb6 42. Ra7 f5 43. Rg7 Kf6 44. Rd7 Ra6 45. Rd2 Re6 46. Re2 g5 47. fxg5+ Kxg5 48. Kh3 Re4 49. Rd2 h4 50. Rd4 Rxd4 51. exd4 hxg3 52. Kxg3 f4+ 53. Kh3 Kf5 54. f3 Ke6 55. Kg4 Kd5 56. Kxf4 Kxd4 57. Kf5 1-0

[Event "Warsaw YMCA 98th Autumn-C"]
[Site "Warsaw"]
[Date "2011.10.04"]
[Round "3"]
[White "Prus, Marek"]
[Black "Worobiej, Daniel"]
[Result "0-1"]
[WhiteElo "1782"]
[BlackElo "1800"]
[PlyCount "49"]
[EventDate "2011.09.20"]
[EventType "tourn"]
[EventRounds "13"]
[EventCountry "POL"]
[SourceTitle "EXT 2014"]
[Source "ChessBase"]
[SourceDate "2013.11.20"]
[SourceVersion "1"]
[SourceVersionDate "2013.11.20"]
[SourceQuality "1"]

1. e4 c5 2. Nf3 g6 3. d4 cxd4 4. Nxd4 Bg7 5. c4 Nc6 6. Be3 Nf6 7. Nc3 Ng4 8. Qxg4 Nxd4 9. 0-0-0 Nc6 10. f4 Qa5 11. Rd5 Qa6 12. e5 Nb4 13. a3 Nxd5 14. cxd5 Qa5 15. Bc4 d6 16. Qe2 0-0 17. Bd4 Bd7 18. g4 Rac8 19. Kb1 Bxg4 20. Qxg4 Rxc4 21. Qd1 dxe5 22. fxe5 b5 23. Qd3 Rfc8 24. h4 b4 25. Na2 0-1

[Event "Warsaw Najdorf Memorial op-B"]
[Site "Warsaw"]
[Date "2011.07.20"]
[Round "8"]
[White "Worobiej, Daniel"]
[Black "Wozniak, Mariola"]
[Result "0-1"]
[WhiteElo "1796"]
[BlackElo "1812"]
[PlyCount "72"]
[EventDate "2011.07.14"]
[EventType "swiss"]
[EventRounds "9"]
[EventCountry "POL"]
[SourceTitle "EXT 2012"]
[Source "ChessBase"]
[SourceDate "2011.11.24"]
[SourceVersion "1"]
[SourceVersionDate "2011.11.24"]
[SourceQuality "1"]

1. d4 Nf6 2. c4 g6 3. Nc3 Bg7 4. e4 d6 5. f4 0-0 6. Nf3 c5 7. d5 e6 8. Be2 exd5 9. cxd5 Re8 10. e5 dxe5 11. fxe5 Ng4 12. e6 fxe6 13. d6 Nc6 14. Ng5 Nge5 15. 0-0 Nd4 16. Nge4 h6 17. Nb5 Rf8 18. Rxf8+ Qxf8 19. Nxc5 Nxe2+ 20. Qxe2 a6 21. Nc7 Qxd6 22. Nxa8 Qxc5+ 23. Be3 Qc4 24. Qd2 Bd7 25. Nb6 Qg4 26. Qd1 Qe4 27. Qd2 Bc6 28. Rf1 Ng4 29. Bc5 Qe5 30. Rc1 Qxh2+ 31. Kf1 Qh1+ 32. Bg1 Bxg2+ 33. Ke2 Bf3+ 34. Kd3 Qh5 35. Qf4 Qb5+ 36. Kd2 Qe2# 0-1

[Event "Warsaw Najdorf Memorial op-B"]
[Site "Warsaw"]
[Date "2010.07.20"]
[Round "4"]
[White "Jarmula, Pawel"]
[Black "Worobiej, Daniel"]
[Result "1-0"]
[WhiteElo "1971"]
[BlackElo "1736"]
[PlyCount "57"]
[EventDate "2010.07.17"]
[EventType "swiss"]
[EventRounds "9"]
[EventCountry "POL"]
[SourceTitle "CBM 137 Extra"]
[Source "ChessBase"]
[SourceDate "2010.09.01"]
[SourceVersion "1"]
[SourceVersionDate "2010.09.01"]
[SourceQuality "1"]

1. e4 c6 2. c4 d5 3. cxd5 cxd5 4. exd5 Nf6 5. Qa4+ Bd7 6. Qb3 Qc7 7. Nc3 g6 8. Bc4 Qb6 9. Qxb6 axb6 10. d3 Na6 11. Be3 Nc5 12. Nge2 Bg7 13. Kd2 Ng4 14. Rab1 0-0 15. b4 Nxe3 16. fxe3 Na4 17. Nxa4 Rxa4 18. Rhc1 Be5 19. Nc3 Raa8 20. g3 b5 21. Bb3 Bd6 22. Bd1 f5 23. Be2 e5 24. dxe6 Bxe6 25. Rb2 g5 26. d4 Bc4 27. Bxc4+ bxc4 28. Nb5 Rac8 29. Nxd6 1-0

[Event "Kowalewo Pomorskie op-B 17th"]
[Site "Kowalewo Pomorskie"]
[Date "2010.07.08"]
[Round "6"]
[White "Worobiej, Daniel"]
[Black "Szydelko, Kazimierz"]
[Result "1-0"]
[WhiteElo "1736"]
[BlackElo "1894"]
[PlyCount "61"]
[EventDate "2010.07.04"]
[EventType "swiss"]
[EventRounds "9"]
[EventCountry "POL"]
[SourceTitle "EXT 2011"]
[Source "ChessBase"]
[SourceDate "2010.11.26"]
[SourceVersion "1"]
[SourceVersionDate "2010.11.26"]
[SourceQuality "1"]

1. e4 c5 2. Nc3 Nc6 3. g3 g6 4. Bg2 Bg7 5. Nge2 e6 6. d3 Nge7 7. 0-0 0-0 8. Bf4 d6 9. Qd2 Re8 10. Rab1 a6 11. h3 b5 12. g4 Bb7 13. Bh6 Bh8 14. Ng3 d5 15. f4 Nd4 16. Nce2 dxe4 17. Bxe4 Bxe4 18. Nxe4 f5 19. N4g3 Nec6 20. Bg5 Qd5 21. Nxd4 Nxd4 22. Qf2 fxg4 23. hxg4 Nf5 24. Ne4 Rf8 25. c3 h6 26. gxf5 exf5 27. Bxh6 fxe4 28. Bxf8 Rxf8 29. Qg2 Qxd3 30. Qxg6+ Bg7 31. Rbe1 1-0

[Event "Kowalewo Pomorskie op-B 17th"]
[Site "Kowalewo Pomorskie"]
[Date "2010.07.06"]
[Round "4"]
[White "Worobiej, Daniel"]
[Black "Baran, Dawid"]
[Result "1-0"]
[WhiteElo "1736"]
[BlackElo "1626"]
[PlyCount "52"]
[EventDate "2010.07.04"]
[EventType "swiss"]
[EventRounds "9"]
[EventCountry "POL"]
[SourceTitle "EXT 2011"]
[Source "ChessBase"]
[SourceDate "2010.11.26"]
[SourceVersion "1"]
[SourceVersionDate "2010.11.26"]
[SourceQuality "1"]

1. e4 c5 2. Nc3 d6 3. f4 Nc6 4. Nf3 g6 5. Bc4 Bg7 6. d3 Nf6 7. 0-0 0-0 8. h3 Na5 9. Bb3 Nxb3 10. axb3 e6 11. Bd2 d5 12. Qe1 b6 13. e5 Ne8 14. Ne2 Bb7 15. d4 Qc7 16. b4 c4 17. g4 Qd7 18. Ng3 Nc7 19. f5 exf5 20. gxf5 gxf5 21. Nh4 f6 22. Ngxf5 fxe5 23. Kh2 Ne6 24. Bh6 Kh8 25. Bxg7+ Nxg7 26. Qg3 Rae8 1-0